Bureaucracy and politics (Record no. 443209)

000 -LEADER
fixed length control field 00452cam a22001577a 4500
008 - FIXED-LENGTH DATA ELEMENTS--GENERAL INFORMATION
fixed length control field 180718b2012 xxu||||| |||| 00| 0 eng d
020 ## - INTERNATIONAL STANDARD BOOK NUMBER
International Standard Book Number 9788131605097
082 ## - DEWEY DECIMAL CLASSIFICATION NUMBER
Classification number K18x54 R121
100 ## - MAIN ENTRY--PERSONAL NAME
Personal name Rafath, Mohammad Ali
245 ## - TITLE STATEMENT
Title Bureaucracy and politics
Statement of responsibility, etc. by Mohammad Ali Rafath
260 ## - PUBLICATION, DISTRIBUTION, ETC.
Place of publication, distribution, etc. Jaipur
Name of publisher, distributor, etc. Rawat
Date of publication, distribution, etc. 2012
300 ## - PHYSICAL DESCRIPTION
Extent 198p.
650 ## - SUBJECT ADDED ENTRY--TOPICAL TERM
Topical term or geographic name entry element India -- Politics and government
650 ## - SUBJECT ADDED ENTRY--TOPICAL TERM
Topical term or geographic name entry element Bureaucracy -- India
650 ## - SUBJECT ADDED ENTRY--TOPICAL TERM
Topical term or geographic name entry element Civil service -- India
Holdings
Withdrawn status Lost status Damaged status Not for loan Permanent Location Current Location Date acquired Full call number Barcode Date last seen Price effective from Koha item type
        Indian Institute of Public Administration Indian Institute of Public Administration 2013-03-12 K18x54 R121 85072 2018-07-21 2018-07-21 Book

Powered by Koha